Alejandro Aravena : (Record no. 12598)

000 -LEADER
fixed length control field 00762cam a22002174a 4500
003 - CONTROL NUMBER IDENTIFIER
control field OSt
005 - DATE AND TIME OF LATEST TRANSACTION
control field 20240612181222.0
008 - FIXED-LENGTH DATA ELEMENTS--GENERAL INFORMATION
fixed length control field 071217s2007 it a bc 000 0dita d
010 ## - LIBRARY OF CONGRESS CONTROL NUMBER
LC control number 2007457367
020 ## - INTERNATIONAL STANDARD BOOK NUMBER
International Standard Book Number 9784887063204
100 1# - MAIN ENTRY--PERSONAL NAME
Personal name Aravena Mori, Alejandro.
245 10 - TITLE STATEMENT
Title Alejandro Aravena :
Remainder of title progettare e costruire.
260 ## - PUBLICATION, DISTRIBUTION, ETC. (IMPRINT)
Place of publication, distribution, etc Milano :
Name of publisher, distributor, etc Electa,
Date of publication, distribution, etc c2007.
300 ## - PHYSICAL DESCRIPTION
Extent 199 p. :
Other physical details chiefly ill. (some col.) ;
Dimensions 28 cm.
440 #0 - SERIES STATEMENT/ADDED ENTRY--TITLE
Title Documenti di architettura ;
Volume number/sequential designation 171
504 ## - BIBLIOGRAPHY, ETC. NOTE
Bibliography, etc Includes bibliographical references (p. 186-187).
600 10 - SUBJECT ADDED ENTRY--PERSONAL NAME
Personal name Aravena Mori, Alejandro
Form subdivision Catalogs.
650 #0 - SUBJECT ADDED ENTRY--TOPICAL TERM
Topical term or geographic name as entry element Architecture
Geographic subdivision Chile
General subdivision History
Chronological subdivision 20th century
Form subdivision Catalogs.
650 #0 - SUBJECT ADDED ENTRY--TOPICAL TERM
Topical term or geographic name as entry element Architecture
Geographic subdivision Chile
General subdivision History
Chronological subdivision 20th century
Form subdivision Designs and plans
-- Catalogs.
942 ## - ADDED ENTRY ELEMENTS (KOHA)
Source of classification or shelving scheme
Holdings
Withdrawn status Lost status Source of classification or shelving scheme Damaged status Not for loan Permanent location Current location Date acquired Source of acquisition Cost, normal purchase price Barcode Date last seen Cost, replacement price Price effective from Koha item type
          BMS College of Architecture, Design and Planning BMS College of Architecture, Design and Planning 2024-06-12 1 2001.46 AR-UG4247 2024-06-12 2668.62 2024-06-12 UG Books
Copyright © 2025, The Librarian, Library and Information Centre, BMSCA D&P, Bengaluru. All Rights Reserved
web counter

Powered by Koha